| 000 | 00437nam a2200157Ia 4500 | ||
|---|---|---|---|
| 008 | 210716s2001 xx 000 0 und d | ||
| 020 | _a0312975805 | ||
| 041 | _aeng | ||
| 082 | _a808.83 PULL | ||
| 100 | _aPulitzer, Lisa. | ||
| 245 |
_aFatal romance: a true story of obsession and murder. _bTrue story of obsession and murder. |
||
| 250 | _a1 | ||
| 260 |
_aNew York _bSt Martins Press Inc _c2001 |
||
| 300 | _a241 | ||
| 650 | _aNovels | ||
| 999 |
_c203471 _d203471 |
||